000 01735nam0a2200361 i 4500
001 RU\NLR\bibl\1919420
005 20260405144312.0
010 _a9785917890135
_9330
021 _aRU
_b2012-41759
_93090
035 _a(NLR Aleph) 001908894
090 _a3148995
_c3148995
100 _a20120628d2012 u y0rusy50 ca
101 0 _arus
102 _aRU
105 _aa |||||||||
200 1 _aШхуна...
_eв Африку под парусами. Фантастический прыжок в прошлое. Супермодель океанской шхуны. Словарь морских терминов
_eучебное пособие для юных судомоделистов
_fН.Н. Яковлев
205 _a5-е доп. изд.
210 _aСочи
_cКривлякин С.П.
_d2012
215 _a436 с.
_cил., цв. ил.
_d21
300 _aНа обороте тит. л. авт.: проф. судостроитель
320 _aБиблиогр.: с. 434-436 (24 назв.)
320 _aДр. произведения авт. на 4-й с. обл.
606 _aШхуны
_jУчебные издания
_xМодели
_91732151
_3RU\NLR\auth\661070536
606 _a"Мариуполь - Джибути", морские круизы
_jВоспоминания, записки и т.п.
_92127234
_3RU\NLR\auth\661587655
686 _aЦ4,6(2)361.186я7
686 _aЧ518.115
700 1 _4070
_8rus
_7ca
_aЯковлев
_bН. Н.
_cинженер-судостроитель
_gНиколай Николаевич
_3RU\NLR\auth\7759934
_942865
801 0 _aRU
_bNLR
_c20120628
_gRCR
801 1 _aRU
_bNLR
_c20120628
830 _aавт. по кн.
942 _cBOOK
980 _aNBR